000 00892nam a2200265Ia 4500
003 OSt
005 20220923212728.0
006 a|||||r|||| 00| 0
007 ta
008 220922b |||||||| |||| 00| 0 hin d
024 _a155,642
037 _cTextual
040 _aARTS
_cARTS
_bhin
041 _2hin
_ahin
082 _aO15,3D60w, 152N2
100 _aकृष्णमूर्ति, के0
_9162726
245 0 _aबाणभट्ट
246 _aBāṇabhaṭṭa
260 _aनई दिल्ली
_b साहित्य अकादेमी
_c1992
300 _a89 पृ.
_ccm.
490 _aभारतीय साहित्य के निर्माता
650 _aसंस्कृत साहित्य
942 _hO15,3D60w, 152N2
_cTEXL
_2CC
999 _c311112
_d311112